000 00343 a2200133 4500
020 _aS/N
040 _aULA-LD-MS
100 _aRODRIGUES, Délcio Pedro
_91078
245 _aO Estado actual do Recrutamento e Selecȯ̂ em Angola
260 _aLuanda
_bUniversidade Lusa̕da
_c2019
300 _a105p
650 _aRecursos Humanos
942 _cTFC
999 _c2255
_d2255